| 000 | 00658nam a2200205 4500 | ||
|---|---|---|---|
| 010 | _a503251 | ||
| 035 | _a503251 | ||
| 037 | _bCen Lib / Ret | ||
| 040 |
_aDPL _bEN |
||
| 082 |
_a338.95 _bMYR |
||
| 100 | _aMyrdal, Gunnar | ||
| 245 |
_aAsian drama : _ban inquiry into the poverty of nations / _cby Gunnar Myrdal |
||
| 260 |
_aLondon _bAllen Lane the Penguin Press _c1968 |
||
| 270 |
_aVigo Street _bLondon |
||
| 300 |
_av 2. 709-1530 ; v .3. vii, 1533-2284 _b24cm(Hb) |
||
| 650 | _aSouth Asia -- Economic conditions. | ||
| 650 | _aSoutheast Asia -- Economic conditions. | ||
| 650 | _aEconomics. | ||
| 942 |
_2ddc _cEN _h338.95 _mMYR |
||
| 999 |
_c136474 _d136474 |
||